| 000 | 00512nam a22001937a 4500 | ||
|---|---|---|---|
| 003 | MPLRDC | ||
| 005 | 20220104190529.0 | ||
| 008 | 210129b ||||| |||| 00| 0 eng d | ||
| 020 | _a978-986-6249-05-1 | ||
| 082 | _a876.57 ROS | ||
| 100 | _aTATIANA DE ROSNAY | ||
| 245 |
_a莎拉的钥匙 _c苏莹文 译 |
||
| 250 | _a初版九刷 | ||
| 260 |
_a台湾 _b宝瓶文化事业有限公司 _c2010 |
||
| 300 | _b平 | ||
| 490 | _aISLAND: 120 | ||
| 650 | _a法国文学--长篇小说 | ||
| 942 |
_cBK _o876.57 ROS |
||
| 999 |
_c63830 _d63820 |
||